000 00635nam a22002297a 4500
003 AR-RoUNCS
005 20250924160334.0
008 250924t2014 ag |||||r|||| 00| f spa d
020 _a978-950-46-3363-1
040 _cAR-RoUNCS
080 _082-32(82)
100 1 _aDe Santis, Pablo,
_d1963-
_eautor
245 1 3 _aEl inventor de juegos /
_cPablo De Santis.
250 _a1a ed., 2a reimp.
260 _aBuenos Aires :
_bAlfaguara,
_c2018.
300 _a224 p. :
_bil. ;
_c23 cm.
490 0 _aSerie Roja.
650 4 _aLITERATURA ARGENTINA
650 4 _aLITERATURA INFANTIL
655 4 _aNOVELA FANTÁSTICA
942 _2udc
_cLPD
_n0
999 _c608
_d608